000 00404nam a2200169Ia 4500
008 230524s9999 xx 000 0 und d
020 _a9788177586435
082 _a621.382
_bFLO
100 _aThomas L.Floyd
245 0 _aElectronic Devices
250 _a6TH
260 _aNEW DELHI
_bPearson
_c2004
300 _aXXIII;985
500 _aQuantity Number: 12
650 _aElectronics
942 _cBK
999 _c31515
_d31515